Revista jurídica de Catalunya : órgano oficial del Iltre. Colegio de Abogados y de la Academia de Jurisprudencia y Legislación de Barcelona órgano oficial del Iltre. Colegio de Abogados y de la Academia de Jurisprudencia y Legislación de Barcelona
Publicado:
Barcelona :
Ilustre Colegio de Abogados de Barcelona : Academia de Jurisprudencia y Legislación ,
1895
Descripción Física:
v. ; periodicitat: trimestral ; 25 cm
Idioma:
Español , Catalán
MARC
| LEADER | 00000nas a2200000 a 4500 | ||
|---|---|---|---|
| 001 | 13494, 13495, 13496, 13497, 13498, 13499, 13500, 13501, 13502, 28262, 28263, 28264, 28265, 28266, 28267, 28268 | ||
| 003 | AGDB | ||
| 005 | 20260324181509.0 | ||
| 008 | 160829d18951982spcqr px a spa c 000 0 cat d | ||
| 017 | |a B 3029-1958 | ||
| 022 | |a 0210-4296 | ||
| 040 | |a agdb |b cat | ||
| 041 | |a cat |a spa | ||
| 245 | 0 | 0 | |a Revista jurídica de Catalunya : |b órgano oficial del Iltre. Colegio de Abogados y de la Academia de Jurisprudencia y Legislación de Barcelona |
| 246 | 1 | 3 | |i De gener de 1922 a gener/març de 1936 es publica amb el títol en català: |a Revista jurídica de Catalunya |
| 246 | 1 | 3 | |a Revista jurídica de Cataluña |
| 260 | |a Barcelona : |b Ilustre Colegio de Abogados de Barcelona : |b Academia de Jurisprudencia y Legislación, |c 1895-1982 | ||
| 300 | |a v. ; |b periodicitat: trimestral ; |c 25 cm | ||
| 362 | |a Tomo 1 (1895)- año 81, no. 3 (jul.-sept. 1982) | ||
| 504 | |a Bibliografia. | ||
| 505 | |a Anual (entre 1896 i 1906), després trimestral (a partir de 1966). | ||
| 546 | |a Textos en castellà i català. Text en castellà des de 1896 fins 1982 (Revista jurídica de Cataluña / órgano oficial del Ilustre Colegio de Abogados y de la Academia de Jurisprudencia y Legislación de Barcelona), tret del període 1922-1935. Reprèn el març/abr. de 1945. A partir de l'any 81, núm. 4 (1982) sempre en català. | ||
| 590 | |a Descripció basada en: Tomo 2 (1896). | ||
| 590 | |a Des de 1971, publica separadament: Revista jurídica de Cataluña. Jurisprudencia, ISSN 0210-4288 | ||
| 650 | |a Dret |x Catalunya |x Revistes |9 39667 | ||
| 650 | |a Jurisprudència |x Catalunya |x Revistes |9 39668 | ||
| 655 | 0 | |9 55823 |a Revistes | |
| 710 | |a Col·legi d'Advocats de Barcelona |9 11623 |e entitat editora | ||
| 710 | 2 | |a Academia de Jurisprudencia y Legislación de Barcelona |e entitat editora |9 54513 | |
| 866 | |a 1896 (2) - 1899 (5) | ||
| 866 | |a 1901 (7) - 1903 (9) | ||
| 866 | |a 1905 (11) - 1906 (12) | ||
| 866 | |a 1966, any 65 (1-4) | ||
| 866 | |a 1967, any 66 (1-4) | ||
| 866 | |a 1968, any 67 (1-4bis) | ||
| 866 | |a 1978, any 77 (4) | ||
| 866 | |a 1979, any 78 (1-4) | ||
| 866 | |a 1980, any 79 (1-4 + núm. extraordinari) | ||
| 866 | |a 1981, any 80 (1-4) | ||
| 866 | |a 1982, any 81 (1-4) | ||
| 866 | |a 1983, any 82 (1-4) | ||
| 866 | |a 1984, any 83 (1-4) | ||
| 866 | |a 1985, any 84 (2-4) | ||
| 866 | |a 1986, any 85 (1-4) | ||
| 866 | |a 1987, any 86 (1-4) | ||
| 866 | |a 1988, any 87 (2-4) | ||
| 866 | |a 1989, any 88 (1-4) | ||
| 866 | |a 1990, any 89 (1-4) | ||
| 866 | |a 1991, any 90 (2-4) | ||
| 866 | |a 1992, any 91 (1-4) | ||
| 866 | |a 1993, any 92 (1-3) | ||
| 901 | |a Arxiu | ||
| 942 | |n 1 |2 udc |c REV | ||
| 952 | |0 0 |1 0 |4 0 |6 REV478 |7 1 |9 49148 |a Arxiu |b Arxiu |d 2016-12-01 |h Tomo 2 (1896) |o Rev-478 |p 13494 |r 2016-12-01 00:00:00 |w 2016-12-01 |y ARXIU | ||
| 952 | |0 0 |1 0 |4 0 |6 REV479 |7 1 |9 64148 |a Arxiu |b Arxiu |d 2022-11-07 |h Tomo 3 (1897) |l 0 |o Rev-479 |p 13495 |r 2022-11-07 00:00:00 |w 2022-11-07 |y ARXIU | ||
| 952 | |0 0 |1 0 |4 0 |6 REV480 |7 1 |9 64149 |a Arxiu |b Arxiu |d 2022-11-07 |h Tomo 4 (1898) |l 0 |o Rev-480 |p 13496 |r 2022-11-07 00:00:00 |w 2022-11-07 |y ARXIU | ||
| 952 | |0 0 |1 0 |4 0 |6 REV481 |7 1 |9 64150 |a Arxiu |b Arxiu |d 2022-11-07 |h Tomo 5 (1899) |o Rev-481 |p 13497 |r 2022-11-07 00:00:00 |w 2022-11-07 |y ARXIU | ||
| 952 | |0 0 |1 0 |4 0 |6 REV482 |7 1 |9 64151 |a Arxiu |b Arxiu |d 2022-11-07 |h Tomo 7 (1901) |l 0 |o Rev-482 |p 13498 |r 2022-11-07 00:00:00 |w 2022-11-07 |y ARXIU | ||
| 952 | |0 0 |1 0 |4 0 |6 REV483 |7 1 |9 64152 |a Arxiu |b Arxiu |d 2022-11-07 |h Tomo 8 (1902) |l 0 |o Rev-483 |p 13499 |r 2022-11-07 00:00:00 |w 2022-11-07 |y ARXIU | ||
| 952 | |0 0 |1 0 |4 0 |6 REV484 |7 1 |9 64153 |a Arxiu |b Arxiu |d 2022-11-07 |h Tomo 9 (1903) |l 0 |o Rev-484 |p 13500 |r 2022-11-07 00:00:00 |w 2022-11-07 |y ARXIU | ||
| 952 | |0 0 |1 0 |4 0 |6 REV485 |7 1 |9 64154 |a Arxiu |b Arxiu |d 2022-11-07 |h Tomo 11 (1905) |l 0 |o Rev-485 |p 13501 |r 2022-11-07 00:00:00 |w 2022-11-07 |y ARXIU | ||
| 952 | |0 0 |1 0 |4 0 |6 REV486 |7 1 |9 64155 |a Arxiu |b Arxiu |d 2022-11-07 |h Tomo 12 (1906) |l 0 |o Rev-486 |p 13502 |r 2022-11-07 00:00:00 |w 2022-11-07 |y ARXIU | ||
| 952 | |0 0 |1 0 |4 0 |6 REV2307 |7 1 |9 96211 |a Arxiu |b Arxiu |d 2023-08-30 |h Any 65, núm. 1 (gener/març 1966) -- Any 67, núm. 4bis (octubre/desembre 1968) |l 0 |o Rev-2307 |p 28262 |r 2023-08-30 00:00:00 |w 2023-08-30 |y ARXIU | ||
| 952 | |0 0 |1 0 |4 0 |6 REV2308 |7 1 |9 96212 |a Arxiu |b Arxiu |d 2023-08-30 |h Any 77, núm. 4 (octubre/desembre 1978) -- Any 79, núm. 4 (octubre/desembre 1980) |l 0 |o Rev-2308 |p 28263 |r 2023-08-30 00:00:00 |w 2023-08-30 |y ARXIU |z Conté núm. extraordinari: "El proyecto de Código Penal" (1980) | ||
| 952 | |0 0 |1 0 |4 0 |6 REV2309 |7 1 |9 96213 |a Arxiu |b Arxiu |d 2023-08-30 |h Any 80, núm. 1 (gener/març 1981) -- Any 81, núm. 4 (octubre/desembre 1982) |l 0 |o Rev-2309 |p 28264 |r 2023-08-30 00:00:00 |w 2023-08-30 |y ARXIU | ||
| 952 | |0 0 |1 0 |4 0 |6 REV2310 |7 1 |9 96214 |a Arxiu |b Arxiu |d 2023-08-30 |h Any 82, núm. 1 (gener/març 1983) -- Any 83, núm. 4 (octubre/desembre 1984) ; Any 84, núm. 2 (abril/juny 1985) -- Any 84, núm. 4 (octubre/desembre 1985) |l 0 |o Rev-2310 |p 28265 |r 2023-08-30 00:00:00 |w 2023-08-30 |y ARXIU | ||
| 952 | |0 0 |1 0 |4 0 |6 REV2311 |7 1 |9 96216 |a Arxiu |b Arxiu |d 2023-08-30 |h Any 85, núm. 1 (gener/març 1986) -- Any 86, núm. 4 (octubre/desembre 1987) ; Any 87, núm. 2 (abril/juny 1988) -- Any 87, núm. 4 (octubre/desembre 1988) |l 0 |o Rev-2311 |p 28266 |r 2023-08-30 00:00:00 |w 2023-08-30 |y ARXIU | ||
| 952 | |0 0 |1 0 |4 0 |6 REV2312 |7 1 |9 96217 |a Arxiu |b Arxiu |d 2023-08-30 |h Any 88, núm. 1 (gener/març 1989) -- Any 89, núm. 4 (octubre/desembre 1990) ; Any 90, núm. 2 (abril/juny 1991) -- Any 90, núm. 4 (octubre/desembre 1991) |o Rev-2312 |p 28267 |r 2023-08-30 00:00:00 |w 2023-08-30 |y ARXIU | ||
| 952 | |0 0 |1 0 |4 0 |6 REV2313 |7 1 |9 96218 |a Arxiu |b Arxiu |d 2023-08-30 |h Any 91, núm. 1 (gener/març 1992) -- Any 92, núm. 3 (juliol/setembre 1993) |l 0 |o Rev-2313 |p 28268 |r 2023-08-30 00:00:00 |w 2023-08-30 |y ARXIU | ||
| 999 | |c 52987 |d 52987 | ||